000 00894nam a2200253Ia 4500
003 OSt
005 20220923221540.0
006 a|||||r|||| 00| 0
007 ta
008 220922b |||||||| |||| 00| 0 hin d
024 _a198,058
037 _cTextual
040 _aARTS
_cARTS
_bhin
041 _2hin
_ahin
082 _aO152,1:g, L8
100 _aअपरबल राम
245 0 _aकरकंड चरित्र और मध्ययुगीन हिन्दी के प्रबन्ध काव्य
246 _aKarakanḍa charitra aur madhyayugīn hindī ke prabandha kāvya
260 _aवाराणसी
_b संजय प्रका0
_c1978
300 _a362पृ.
_ccm.
650 _aहिन्दी साहित्य
_9156264
942 _hO152,1:g, L8
_cTEXL
_2CC
999 _c349928
_d349928